| 000 | 00374nam a22001217a 4500 | ||
|---|---|---|---|
| 082 | _a200 THE | ||
| 100 |
_aMuhammad Usman Shahid _915731 |
||
| 245 | _aTH-SOF-1290-Synthetic Aperture Radar Processing on GPU | ||
| 260 |
_aIslamabad _bNUST College of EME _c2016 |
||
| 650 | _aMS-COMPUTER ENGINEERING-73 MSTHESIS | ||
| 700 |
_aSupervison DR. ALI HASSAN _970083 |
||
| 942 | _cCF | ||
| 999 |
_c577187 _d577187 |
||